| 000 | 01138nam a2200241Ia 4500 | ||
|---|---|---|---|
| 999 |
_c34847 _d34847 |
||
| 001 | 664 | ||
| 003 | GE_BSU | ||
| 005 | 20200825131210.0 | ||
| 008 | 181216s2009 xx |||||||||||||| ||geo|| | ||
| 020 | _a9789992870891 | ||
| 040 | _cGE_BSU | ||
| 041 | _ageo | ||
| 080 | _a341.9 კ–41 | ||
| 100 |
_aკერესელიძე, დავით _99318 |
||
| 245 |
_aკერძო სამართლის უზოგადესი სისტემური ცნებები / _cდავით კერესელიძე ; რედ. თამარ გაბელაია. |
||
| 264 |
_aთბილისი : _bევროპული და შედარებითი სამართ. ინ–ტი გამ-ბა, _c2009. |
||
| 300 |
_aVIII, 428 გვ..: _c25 სმ. |
||
| 504 | _aბიბლიოგრ. ტექსტ. შენიშვნ. და გვ. 414-428 | ||
| 653 | _aკერძო სამართალი | ||
| 653 | _aსამართალი | ||
| 700 |
_aგაბელაია, თამარ _eრედაქტორი _95880 |
||
| 942 |
_cBK _2udc |
||